Principios de economía política y tributación
Na minha lista:
| Autor principal: | |
|---|---|
| Formato: | Livro |
| Idioma: | espanhol |
| Publicado em: |
Ciudad de México
Fondo de Cultura Económica
1959
|
| Edição: | 1a. ed |
| Colecção: | Sección de Obras de Economía
|
| Assuntos: | |
| Tags: |
Adicionar Tag
Sem tags, seja o primeiro a adicionar uma tag!
|
MARC
| LEADER | 00000nam a2200000 a 4500 | ||
|---|---|---|---|
| 001 | UCI7191 | ||
| 003 | CL-VaPUC | ||
| 008 | 080613e19590000MX |||||||||||||||||spa|d | ||
| 020 | |a 9681618904v.1 | ||
| 082 | 0 | 4 | |a 330.1 |b RIC |2 21 |
| 100 | 0 | |a Ricardo, David |e author |9 412598 | |
| 245 | 1 | 0 | |a Principios de economía política y tributación |
| 250 | |a 1a. ed | ||
| 300 | |a v | ||
| 942 | |c BK | ||
| 945 | |d 20080613 00:00:00 |a jtorresc | ||
| 260 | |a Ciudad de México |b Fondo de Cultura Económica |c 1959 | ||
| 500 | |a v.1: Obras y correspondencia | ||
| 650 | 0 | |a Economía |9 255568 | |
| 650 | 0 | |a Teoría económica |9 315055 | |
| 650 | 0 | |a Economía política |9 255814 | |
| 650 | 0 | |a Tributación |9 258429 | |
| 583 | |a last modification |c 20080613 00:00:00 |k Rodrigo Vera | ||
| 490 | 0 | |a Sección de Obras de Economía | |
| 999 | |c 330542 |d 330540 | ||
| 952 | |0 0 |1 0 |4 0 |6 330_100000000000000_RIC_1959 |7 0 |8 A |9 416130 |a BIBDER |b BIBDER |d 2019-11-22 |h v.1 |i 4448863 |o 330.1 RIC 1959 |p 4448863 |r 2023-01-25 |w 2019-11-22 |y BK |k DER | ||